Aplicación de la teoria de colas al transporte

Gorde:
Xehetasun bibliografikoak
Egile nagusia: Garro Herrera, Juan
Formatua: Ezezaguna
Argitaratua: [San José, Costa Rica] 1980
Gaiak:
Etiketak: Etiketa erantsi
Etiketarik gabe, Izan zaitez lehena erregistro honi etiketa jartzen!

MARC

LEADER 00000 a2200000 4500
003 001187
005 20221231143740.0
008 140114s1980 cr a m 000 ||s d
040 |c cru CEDI 
090 |a TFG 938 
100 |a Garro Herrera, Juan   |9 16054 
245 |a Aplicación de la teoria de colas al transporte 
260 |c 1980  |a  [San José, Costa Rica] 
300 |a  [65] hojas : ilustraciones ; 28 cm  
500 |a  Tesis (ingeniero civil)--Universidad de Costa Rica.  
650 |x REGLAMENTOS DEL TRANSITO   |x TEORIA DE LAS COLAS (MATEMATICAS)  |9 16055 
942 |c TFG 
999 |c 11214  |d 11214